Học thiết kế Web bằng hình minh họa : Tin học và đời sống

Tài liệu hướng dẫn bạn thực hiện hơn 170 công việc cần thiết để tạo ra những trang web hấp dẫn, bao gồm: định dạng các trang với HTML, XML, CSS; sử dụng HTML với Javacript để tạo tính tương tác; sử dụng tiêu đề, đường kẻ và liên kết; ti...

Disgrifiad llawn

Wedi'i Gadw mewn:
Manylion Llyfryddiaeth
Prif Awdur: Nguyễn, Trường Sinh
Fformat: Llyfr
Iaith:Undetermined
Cyhoeddwyd: Thành phố Hồ Chí Minh Phương Đông 2007
Pynciau:
Tagiau: Ychwanegu Tag
Dim Tagiau, Byddwch y cyntaf i dagio'r cofnod hwn!
Thư viện lưu trữ: Trung tâm Học liệu Trường Đại học Cần Thơ
LEADER 01313nam a2200229Ia 4500
001 CTU_174184
008 210402s9999 xx 000 0 und d
020 |c 59000 
082 |a 005.72 
082 |b S312/T.2 
100 |a Nguyễn, Trường Sinh 
245 0 |a Học thiết kế Web bằng hình minh họa : 
245 0 |b Tin học và đời sống 
245 0 |c Nguyễn Trường Sinh (Chủ biên) 
260 |a Thành phố Hồ Chí Minh 
260 |b Phương Đông 
260 |c 2007 
520 |a Tài liệu hướng dẫn bạn thực hiện hơn 170 công việc cần thiết để tạo ra những trang web hấp dẫn, bao gồm: định dạng các trang với HTML, XML, CSS; sử dụng HTML với Javacript để tạo tính tương tác; sử dụng tiêu đề, đường kẻ và liên kết; tìm hiểu CSS; tạo bản đồ ảnh phía máy chủ; bổ sung đa phương tiện với Flash; xây dựng biểu mẫu để thu thập dữ liệu. 
650 |a Web design,Thiết kế web 
650 |x Computer programs,Chương trình máy tính 
910 |a thuý phượng,Hải 
980 |a Trung tâm Học liệu Trường Đại học Cần Thơ